Canyonlands country /

Uloženo v:
Podrobná bibliografie
Korporativní autor: Four Corners Geological Society
Další autoři: Fassett, James E., Wengerd, Sherman A.
Médium: Kniha
Jazyk:English
Vydáno: Durango, Colo. : The Society, 1975.
Edice:Four Corners Geological Society guidebook, 8th field conference, 1975.
Témata:
LEADER 01376nam a2200313 i 4500
001 c000177329
003 CARM
005 20040910184435.0
008 760914s1975 coua b 100 0 eng d
019 1 |a 26195917  |5 LACONCORD2021 
035 |a (OCoLC)2309308  |5 LACONCORD2021 
040 |a GZN  |b eng  |c GZN  |d OCL  |d m.c.  |d OCL  |d DVP  |d OCL  |d m/c  |d ICU  |d CStRLIN  |d VU 
041 0 |a eng 
110 2 |a Four Corners Geological Society. 
245 1 0 |a Canyonlands country /  |c James E. Fassett, editor, Sherman A. Wengerd, production editor. 
260 |a Durango, Colo. :  |b The Society,  |c 1975. 
300 |a v, 281 p. :  |b ill. ;  |c 29 cm. 
490 1 |a Four Corners Geological Society guidebook, 8th field conference, 1975. 
500 |a Maps on lining papers. 
500 |a Includes revised constitution and bylaws of the Four Corners Geological Society. 
504 |a Includes bibliographical references. 
650 0 |a Geology  |z Utah  |z Canyonlands National Park. 
650 0 |a Geology  |z Utah. 
700 1 |a Fassett, James E. 
700 1 |a Wengerd, Sherman A. 
810 2 |a Four Corners Geological Society.  |t Four Corners field conference guidebook, ;  |v 1975. 
852 8 |b CARM  |h A3:AE04B0  |i D07259  |p 0239677  |f BK 
999 f f |i 86ace99c-b400-5004-9ab2-fb46c22c3eb1  |s 7429cb82-d26b-58fb-aebb-efe498b58ca1 
952 f f |p Can circulate  |a CAVAL  |b CAVAL  |c CAVAL  |d CARM 1 Store  |e D07259  |f A3:AE04B0  |h Other scheme  |i book  |m 0239677